[Event "LSS No Engine Cup 202 Preliminary 0"]
[Site "LSS email"]
[Date "2020.04.04"]
[Round "?"]
[White "Koepcke, Klaus Peter"]
[Black "Khramkov, Alexey"]
[Result "1-0"]
[WhiteElo "1571"]
[BlackElo "1600"]
[PlyCount "103"]
[EventDate "2020.04.04"]
[EventType "tourn (corr)"]
[EventRounds "6"]
[EventCountry "GER"]
[SourceTitle "Corr 2022"]
[Source "ChessBase"]
[SourceDate "2021.10.24"]
[SourceVersion "1"]
[SourceVersionDate "2021.10.24"]
[SourceQuality "1"]

1. d4 Nf6 2. c4 e6 3. Nf3 b6 4. e3 Bb7 5. Bd3 c5 6. 0-0 d6 7. b3 g6 8. Bb2 Bg7 9. Nbd2 0-0 10. Qc2 Nc6 11. Rfd1 Nh5 12. Ne4 Nb4 13. Qb1 Nxd3 14. Qxd3 f5 15. Nc3 Qe7 16. dxc5 dxc5 17. Qd7 Rf7 18. Qxe7 Rxe7 19. Rd6 Rae8 20. Rad1 Nf6 21. Nb5 Ne4 22. Bxg7 Kxg7 23. Rd7 Bc6 24. Rxa7 Bxb5 25. Rxe7+ Rxe7 26. cxb5 Kf6 27. a4 Rc7 28. Nd2 Nd6 29. f3 Ke7 30. e4 e5 31. exf5 gxf5 32. Kf2 Rc8 33. h3 Ke6 34. g4 fxg4 35. hxg4 c4 36. bxc4 Nxc4 37. Rc1 Nd6 38. Rxc8 Nxc8 39. Ne4 h6 40. Ke3 Ne7 41. Nc3 Nc8 42. Kd3 Nd6 43. Ne4 Nb7 44. Kc4 Na5+ 45. Kb4 Nb7 46. Nd2 Nd6 47. Nc4 Nc8 48. Nxb6 Nxb6 49. a5 Nd5+ 50. Kc5 Nc3 51. Kc6 Ke7 52. a6 1-0

[Event "LSS No Engine Cup 202 Preliminary 0"]
[Site "LSS email"]
[Date "2020.04.04"]
[Round "?"]
[White "Koepcke, Klaus Peter"]
[Black "Oliger, Mark"]
[Result "1-0"]
[WhiteElo "1571"]
[BlackElo "1601"]
[PlyCount "22"]
[EventDate "2020.04.04"]
[EventType "tourn (corr)"]
[EventRounds "6"]
[EventCountry "GER"]
[SourceTitle "Corr 2022"]
[Source "ChessBase"]
[SourceDate "2021.10.24"]
[SourceVersion "1"]
[SourceVersionDate "2021.10.24"]
[SourceQuality "1"]

1. d4 d5 2. c4 dxc4 3. e4 e5 4. d5 Nf6 5. Nc3 c6 6. Bxc4 b5 7. Bd3 b4 8. Nce2 cxd5 9. exd5 Qxd5 10. Be3 Qxg2 11. Ng3 Bb7 1-0

[Event "LSS No Engine Cup 201 Preliminary 0"]
[Site "LSS email"]
[Date "2020.03.17"]
[Round "?"]
[White "Mostowik, Pawel"]
[Black "Koepcke, Klaus Peter"]
[Result "1-0"]
[WhiteElo "2128"]
[BlackElo "1587"]
[PlyCount "79"]
[EventDate "2020.03.17"]
[EventType "tourn (corr)"]
[EventRounds "6"]
[EventCountry "GER"]
[SourceTitle "Corr 2022"]
[Source "ChessBase"]
[SourceDate "2021.10.24"]
[SourceVersion "1"]
[SourceVersionDate "2021.10.24"]
[SourceQuality "1"]

1. e4 c5 2. Nf3 d6 3. d4 cxd4 4. Nxd4 Nf6 5. Nc3 a6 6. Be2 e5 7. Nb3 Be6 8. 0-0 Be7 9. Be3 Nbd7 10. f3 0-0 11. a4 b6 12. Qd2 Qc7 13. Nc1 Bc4 14. Bxc4 Qxc4 15. b3 Qc6 16. N1a2 Rac8 17. Qd3 a5 18. Rfd1 Nc5 19. Qf1 Rfd8 20. Nd5 Nxd5 21. Rxd5 f5 22. Bxc5 dxc5 23. Qc4 Rxd5 24. Nc3 Kf8 25. Nxd5 f4 26. Re1 Rb8 27. Ra1 Bd8 28. Nc3 Bf6 29. Rd1 Rd8 30. Rxd8+ Bxd8 31. Qd5 Qxd5 32. exd5 Kf7 33. Kf2 Kg6 34. Ke2 Kf5 35. Kd3 g5 36. Ne4 h5 37. Kc4 g4 38. Kb5 h4 39. h3 gxh3 40. gxh3 1-0

[Event "LSS No Engine Cup 199 Preliminary 0"]
[Site "LSS email"]
[Date "2020.02.11"]
[Round "?"]
[White "Kapr, Klaus"]
[Black "Koepcke, Klaus Peter"]
[Result "1-0"]
[WhiteElo "1600"]
[BlackElo "1570"]
[PlyCount "35"]
[EventDate "2020.02.11"]
[EventType "tourn (corr)"]
[EventRounds "6"]
[EventCountry "GER"]
[SourceTitle "Corr 2022"]
[Source "ChessBase"]
[SourceDate "2021.10.24"]
[SourceVersion "1"]
[SourceVersionDate "2021.10.24"]
[SourceQuality "1"]

1. e4 c5 2. Nc3 e5 3. Bc4 d6 4. d3 Nf6 5. Nge2 Be7 6. 0-0 0-0 7. f4 Nc6 8. f5 a6 9. a4 b6 10. Nd5 Bb7 11. Ng3 Nxd5 12. Bxd5 Kh8 13. Nh5 Bf6 14. Qg4 Qe7 15. Nxf6 gxf6 16. Qh5 Nd8 17. Rf3 Rg8 18. Qxh7+ 1-0

[Event "LSS No Engine Cup 199 Preliminary 0"]
[Site "LSS email"]
[Date "2020.02.11"]
[Round "?"]
[White "Koepcke, Klaus Peter"]
[Black "Mueller Toepler, Michael"]
[Result "0-1"]
[WhiteElo "1570"]
[BlackElo "1988"]
[PlyCount "26"]
[EventDate "2020.02.11"]
[EventType "tourn (corr)"]
[EventRounds "6"]
[EventCountry "GER"]
[SourceTitle "Corr 2022"]
[Source "ChessBase"]
[SourceDate "2021.10.24"]
[SourceVersion "1"]
[SourceVersionDate "2021.10.24"]
[SourceQuality "1"]

1. d4 d5 2. c4 dxc4 3. e4 e5 4. d5 b5 5. a4 Nf6 6. Qc2 c6 7. dxc6 Nxc6 8. axb5 Nd4 9. Qxc4 Be6 10. Qd3 Bb3 11. Na3 Bb4+ 12. Bd2 Bxd2+ 13. Kxd2 Qa5+ 0-1

[Event "LSS No Engine Cup 199 Preliminary 0"]
[Site "LSS email"]
[Date "2020.02.11"]
[Round "?"]
[White "Koepcke, Klaus Peter"]
[Black "Vio, Mauro"]
[Result "0-1"]
[WhiteElo "1570"]
[BlackElo "1870"]
[PlyCount "60"]
[EventDate "2020.02.11"]
[EventType "tourn (corr)"]
[EventRounds "6"]
[EventCountry "GER"]
[SourceTitle "Corr 2022"]
[Source "ChessBase"]
[SourceDate "2021.10.24"]
[SourceVersion "1"]
[SourceVersionDate "2021.10.24"]
[SourceQuality "1"]

1. d4 d5 2. c4 e6 3. Nc3 Nf6 4. e3 Bb4 5. Nf3 0-0 6. Bd2 Nc6 7. Bd3 Bxc3 8. Bxc3 Ne4 9. Qc2 Nxc3 10. bxc3 f5 11. 0-0 a6 12. cxd5 exd5 13. Rab1 Qe7 14. Qb3 Rd8 15. c4 Na5 16. Qc3 dxc4 17. Qxa5 cxd3 18. Ne5 f4 19. Rbc1 c6 20. Rxc6 fxe3 21. Rc7 Qg5 22. Qc3 Be6 23. f4 Qf5 24. Nxd3 Rdc8 25. Ne1 Rxc7 26. Qxc7 Re8 27. Rf3 Bxa2 28. Rg3 Bf7 29. Qxb7 Qa5 30. Qb1 Qd2 0-1

[Event "LSS No Engine Cup 198 Preliminary 0"]
[Site "LSS email"]
[Date "2020.02.02"]
[Round "?"]
[White "Koepcke, Klaus Peter"]
[Black "Kraujunas, Vladas"]
[Result "0-1"]
[WhiteElo "1584"]
[BlackElo "1889"]
[PlyCount "40"]
[EventDate "2020.02.02"]
[EventType "tourn (corr)"]
[EventRounds "6"]
[EventCountry "GER"]
[SourceTitle "Corr 2022"]
[Source "ChessBase"]
[SourceDate "2021.10.24"]
[SourceVersion "1"]
[SourceVersionDate "2021.10.24"]
[SourceQuality "1"]

1. d4 d5 2. c4 e6 3. e3 Nf6 4. Nc3 Be7 5. cxd5 exd5 6. Nf3 0-0 7. Bd3 c6 8. 0-0 Bg4 9. b3 Re8 10. Bb2 Nbd7 11. Re1 Bb4 12. a3 Bxc3 13. Bxc3 Ne4 14. Bb2 Re6 15. Qc2 Bxf3 16. gxf3 Rg6+ 17. Kh1 Qh4 18. Bxe4 dxe4 19. Rg1 Rh6 20. Kg2 Qh3+ 0-1

[Event "LSS No Engine Cup 198 Preliminary 0"]
[Site "LSS email"]
[Date "2020.02.02"]
[Round "?"]
[White "Sheers, Matthew"]
[Black "Koepcke, Klaus Peter"]
[Result "1-0"]
[WhiteElo "1600"]
[BlackElo "1584"]
[PlyCount "45"]
[EventDate "2020.02.02"]
[EventType "tourn (corr)"]
[EventRounds "6"]
[EventCountry "GER"]
[SourceTitle "Corr 2022"]
[Source "ChessBase"]
[SourceDate "2021.10.24"]
[SourceVersion "1"]
[SourceVersionDate "2021.10.24"]
[SourceQuality "1"]

1. d4 d5 2. Nf3 Nf6 3. e3 e6 4. Bd3 Be7 5. Nbd2 0-0 6. 0-0 b6 7. b3 Bb7 8. Bb2 Nbd7 9. Qe2 c5 10. Rac1 Ne4 11. Rfd1 f5 12. c4 Ndf6 13. cxd5 Bxd5 14. h3 Qe8 15. dxc5 Bxc5 16. Ne5 Nxd2 17. Rxd2 Ne4 18. Rdc2 f4 19. b4 Bxb4 20. Rc7 Bd6 21. Qg4 Be7 22. Bxe4 Bxe4 23. Qxe6+ 1-0

[Event "LSS No Engine Cup 198 Preliminary 0"]
[Site "LSS email"]
[Date "2020.02.02"]
[Round "?"]
[White "Slavin, Pablo"]
[Black "Koepcke, Klaus Peter"]
[Result "1-0"]
[WhiteElo "1394"]
[BlackElo "1584"]
[PlyCount "59"]
[EventDate "2020.02.02"]
[EventType "tourn (corr)"]
[EventRounds "6"]
[EventCountry "GER"]
[SourceTitle "Corr 2022"]
[Source "ChessBase"]
[SourceDate "2021.10.24"]
[SourceVersion "1"]
[SourceVersionDate "2021.10.24"]
[SourceQuality "1"]

1. e4 c5 2. Nf3 d6 3. d4 cxd4 4. Nxd4 Nf6 5. Nc3 a6 6. Bg5 e6 7. f4 Nbd7 8. Qf3 Be7 9. 0-0-0 Qc7 10. g4 0-0 11. Bxf6 Nxf6 12. g5 Nd7 13. Bd3 b5 14. Qh5 Nc5 15. f5 b4 16. Nce2 f6 17. g6 h6 18. Bc4 Kh8 19. fxe6 Re8 20. Nf5 Bf8 21. Nxh6 gxh6 22. g7+ Qxg7 23. Qxe8 Bb7 24. Qh5 Bxe4 25. Rhg1 Qh7 26. Nf4 Bxc2 27. Ng6+ Bxg6 28. Rxg6 Ne4 29. e7 Bg7 30. Rg2 1-0

[Event "LSS No Engine Cup 197 Preliminary 0"]
[Site "LSS email"]
[Date "2020.01.19"]
[Round "?"]
[White "Koepcke, Klaus Peter"]
[Black "Varas, Pablo"]
[Result "0-1"]
[WhiteElo "1575"]
[BlackElo "1636"]
[PlyCount "54"]
[EventDate "2020.01.19"]
[EventType "tourn (corr)"]
[EventRounds "6"]
[EventCountry "GER"]
[SourceTitle "Corr 2022"]
[Source "ChessBase"]
[SourceDate "2021.10.24"]
[SourceVersion "1"]
[SourceVersionDate "2021.10.24"]
[SourceQuality "1"]

1. d4 d5 2. c4 c6 3. Nc3 dxc4 4. e3 b5 5. a4 b4 6. Na2 e6 7. Bxc4 Nf6 8. Nf3 Bb7 9. 0-0 Nbd7 10. b3 Bd6 11. Bb2 0-0 12. Ne5 c5 13. Nxd7 Nxd7 14. dxc5 Bxc5 15. Qg4 Nf6 16. Qh4 Qe7 17. Rac1 a5 18. Bd3 e5 19. Bf5 Bd5 20. Rfd1 Rfd8 21. Rd3 Be6 22. Rxd8+ Rxd8 23. Bc2 Rd2 24. Bxe5 Qd7 25. Bxf6 Rxc2 26. Bd4 Rxa2 27. Rxc5 Ra1+ 0-1

[Event "LSS No Engine Cup 197 Preliminary 0"]
[Site "LSS email"]
[Date "2020.01.19"]
[Round "?"]
[White "Pech, Jaroslav Sr"]
[Black "Koepcke, Klaus Peter"]
[Result "0-1"]
[WhiteElo "1617"]
[BlackElo "1575"]
[PlyCount "42"]
[EventDate "2020.01.19"]
[EventType "tourn (corr)"]
[EventRounds "6"]
[EventCountry "GER"]
[SourceTitle "Corr 2022"]
[Source "ChessBase"]
[SourceDate "2021.10.24"]
[SourceVersion "1"]
[SourceVersionDate "2021.10.24"]
[SourceQuality "1"]

1. c4 Nf6 2. Nc3 d5 3. cxd5 Nxd5 4. Nf3 c6 5. e4 Nb6 6. h3 g6 7. d4 Bg7 8. Be2 0-0 9. 0-0 N8d7 10. Bf4 Re8 11. a4 Nf6 12. a5 Nbd7 13. Qb3 Nh5 14. Ng5 e6 15. Bxh5 gxh5 16. e5 Nf8 17. Nce4 Ng6 18. Qf3 f6 19. exf6 Bxf6 20. Qxh5 Bxg5 21. Bxg5 Qc7 0-1

[Event "LSS No Engine Cup 195 Preliminary 0"]
[Site "LSS email"]
[Date "2019.11.12"]
[Round "?"]
[White "Koepcke, Klaus Peter"]
[Black "Sofia, Gerardo"]
[Result "0-1"]
[WhiteElo "1626"]
[BlackElo "1965"]
[PlyCount "98"]
[EventDate "2019.11.13"]
[EventType "tourn (corr)"]
[EventRounds "6"]
[EventCountry "GER"]
[SourceTitle "Corr 2022"]
[Source "ChessBase"]
[SourceDate "2021.10.24"]
[SourceVersion "1"]
[SourceVersionDate "2021.10.24"]
[SourceQuality "1"]

1. d4 Nf6 2. c4 e6 3. Nf3 b6 4. e3 Bb7 5. Bd3 d5 6. 0-0 dxc4 7. Bxc4 a6 8. b3 Be7 9. Bb2 Nbd7 10. Nbd2 0-0 11. Ne5 c5 12. Ndf3 Nxe5 13. Nxe5 b5 14. Bd3 cxd4 15. Bxd4 Qd5 16. Qf3 Qxf3 17. Nxf3 Ba3 18. Rfd1 Rac8 19. Ng5 h6 20. Bxf6 gxf6 21. Nh7 Rfd8 22. Nxf6+ Kf8 23. Nh5 Ke7 24. Ng3 f5 25. Ne2 Rg8 26. g3 Bf3 27. Kf1 Rcd8 28. Bc2 Rc8 29. Bd3 Rgd8 30. Rd2 Kf6 31. Nd4 Bg4 32. f3 Bh3+ 33. Ke2 e5 34. Nc2 Bb2 35. Rb1 Bc3 36. Rdd1 e4 37. fxe4 Bg4+ 38. Kf2 Bxd1 39. Rxd1 fxe4 40. Be2 Rxd1 41. Bxd1 Rd8 42. Be2 Rd2 43. Nd4 Rxa2 44. Nc6 Rb2 45. Nb8 a5 46. Nd7+ Ke6 47. Nf8+ Kd6 48. Ng6 a4 49. bxa4 bxa4 0-1

[Event "LSS No Engine Cup 195 Preliminary 0"]
[Site "LSS email"]
[Date "2019.11.12"]
[Round "?"]
[White "Koepcke, Klaus Peter"]
[Black "Zmolil, Karel"]
[Result "1-0"]
[WhiteElo "1626"]
[BlackElo "1392"]
[PlyCount "49"]
[EventDate "2019.11.13"]
[EventType "tourn (corr)"]
[EventRounds "6"]
[EventCountry "GER"]
[SourceTitle "Corr 2022"]
[Source "ChessBase"]
[SourceDate "2021.10.24"]
[SourceVersion "1"]
[SourceVersionDate "2021.10.24"]
[SourceQuality "1"]

1. d4 d5 2. c4 e6 3. Nc3 Nf6 4. Nf3 Be7 5. e3 0-0 6. Bd3 a6 7. 0-0 c5 8. b3 b6 9. Bb2 Bb7 10. Ne5 Ne4 11. dxc5 Nxc3 12. Bxc3 Bxc5 13. Qh5 h6 14. Ng4 Qg5 15. Qh3 f5 16. Ne5 Nc6 17. f4 Qd8 18. cxd5 Nxe5 19. Bxe5 Bxd5 20. Rad1 Qe7 21. Kh1 Rf7 22. Bc4 Be4 23. a4 a5 24. Rd2 Rd8 25. Rxd8+ 1-0

[Event "LSS No Engine Cup 194 Preliminary 0"]
[Site "LSS email"]
[Date "2019.10.14"]
[Round "?"]
[White "Koepcke, Klaus Peter"]
[Black "Shim Ng Min, Francis"]
[Result "1-0"]
[WhiteElo "1626"]
[BlackElo "1467"]
[PlyCount "71"]
[EventDate "2019.10.15"]
[EventType "tourn (corr)"]
[EventRounds "6"]
[EventCountry "GER"]
[SourceTitle "Corr 2022"]
[Source "ChessBase"]
[SourceDate "2021.10.24"]
[SourceVersion "1"]
[SourceVersionDate "2021.10.24"]
[SourceQuality "1"]

1. d4 Nf6 2. c4 g6 3. Nc3 Bg7 4. e4 d6 5. f3 0-0 6. Be3 e5 7. d5 c5 8. Bd3 a6 9. a4 a5 10. Nb5 b6 11. Ne2 Na6 12. 0-0 Nb4 13. Nec3 Nxd3 14. Qxd3 Ba6 15. f4 Ng4 16. f5 Nxe3 17. Qxe3 Bxb5 18. Nxb5 g5 19. Qf3 f6 20. Qh5 Qe7 21. h4 h6 22. Rf3 Rad8 23. Raf1 Qf7 24. Qg6 Qxg6 25. fxg6 Bh8 26. Nc7 Rd7 27. Ne6 Re8 28. h5 Rb8 29. Kh2 Re8 30. Kg3 Rb8 31. Kg4 Re8 32. g7 Bxg7 33. Nxg7 Kxg7 34. Rxf6 Ree7 35. Rg6+ Kh7 36. Rff6 1-0

[Event "SE-2019-0-00303"]
[Site "LSS email"]
[Date "2019.10.11"]
[Round "?"]
[White "Koepcke, Klaus Peter"]
[Black "Chura, Michal"]
[Result "1/2-1/2"]
[WhiteElo "1321"]
[BlackElo "1097"]
[PlyCount "95"]
[EventDate "2019.08.01"]
[EventType "tourn (corr)"]
[EventRounds "6"]
[EventCountry "GER"]
[SourceTitle "Corr 2022"]
[Source "ChessBase"]
[SourceDate "2021.10.24"]
[SourceVersion "1"]
[SourceVersionDate "2021.10.24"]
[SourceQuality "1"]

1. d4 b5 2. e4 Bb7 3. f3 a6 4. Bd3 e6 5. Ne2 d5 6. 0-0 Ne7 7. a4 b4 8. a5 Ng6 9. Be3 Nd7 10. Nd2 c5 11. dxc5 Nxc5 12. Kh1 dxe4 13. Nxe4 Nxe4 14. Bxe4 Bxe4 15. fxe4 Be7 16. Bb6 Qc8 17. Nf4 Bc5 18. Bxc5 Qxc5 19. Nd3 Qc4 20. Ra4 Qxe4 21. Rxb4 Qd5 22. Qf3 Qxf3 23. Rxf3 0-0 24. Rb6 Rfc8 25. c3 h6 26. Nb4 Rc5 27. Rb7 Ne5 28. Rf1 Rxa5 29. h3 Nc4 30. Rfxf7 Rg5 31. Rfe7 Rf8 32. Nd3 Rf1+ 33. Kh2 Rd1 34. Nf4 Rd2 35. Rxe6 Rf2 36. Re4 Nxb2 37. Kg1 Nd3 38. Rd7 Rxf4 39. Re8+ Kh7 40. Rxd3 Rc4 41. Re6 a5 42. Ra6 a4 43. Rd4 Rxc3 44. Raxa4 Rxh3 45. Rg4 Rg3 46. Rxg3 Rxg3 47. Kh2 Rg5 48. Kh3 1/2-1/2

[Event "SE-2019-0-00303"]
[Site "LSS email"]
[Date "2019.10.11"]
[Round "?"]
[White "Koepcke, Klaus Peter"]
[Black "Csaba, Fodor"]
[Result "0-1"]
[WhiteElo "1321"]
[BlackElo "1396"]
[PlyCount "62"]
[EventDate "2019.08.01"]
[EventType "tourn (corr)"]
[EventRounds "6"]
[EventCountry "GER"]
[SourceTitle "Corr 2022"]
[Source "ChessBase"]
[SourceDate "2021.10.24"]
[SourceVersion "1"]
[SourceVersionDate "2021.10.24"]
[SourceQuality "1"]

1. d4 d5 2. c4 c6 3. e3 Bf5 4. Bd3 Bxd3 5. Qxd3 e6 6. Nf3 Nf6 7. 0-0 Be7 8. b3 0-0 9. Bb2 Nbd7 10. Nbd2 a5 11. Ne5 Nxe5 12. dxe5 Nd7 13. cxd5 Nc5 14. Qd4 exd5 15. f4 f6 16. Nf3 a4 17. b4 a3 18. Bxa3 Rxa3 19. bxc5 Qa8 20. Rfb1 Ra4 21. Rb4 Ra5 22. Qb2 Bxc5 23. Rxb7 Bxe3+ 24. Kh1 Bxf4 25. exf6 Rxf6 26. g3 Bd6 27. Ng5 Qe8 28. Qc2 Qh5 29. Qd2 Ra4 30. Re1 Rg4 31. Ne6 Rxg3 0-1

[Event "SE-2019-0-00303"]
[Site "LSS email"]
[Date "2019.10.11"]
[Round "?"]
[White "Koepcke, Klaus Peter"]
[Black "D'Emilia, Jack"]
[Result "0-1"]
[WhiteElo "1321"]
[BlackElo "1288"]
[PlyCount "62"]
[EventDate "2019.08.01"]
[EventType "tourn (corr)"]
[EventRounds "6"]
[EventCountry "GER"]
[SourceTitle "Corr 2022"]
[Source "ChessBase"]
[SourceDate "2021.10.24"]
[SourceVersion "1"]
[SourceVersionDate "2021.10.24"]
[SourceQuality "1"]

1. d4 Nf6 2. c4 e6 3. Nf3 d5 4. e3 b6 5. Nc3 Bd6 6. Bd3 0-0 7. 0-0 Bb7 8. b3 dxc4 9. bxc4 c5 10. Bb2 Nc6 11. Nb5 Be7 12. dxc5 Bxc5 13. Nbd4 Nxd4 14. Nxd4 e5 15. Nf5 g6 16. Ng3 Qc7 17. Qc2 Qc6 18. e4 Rfe8 19. Kh1 Ng4 20. h3 Qf6 21. hxg4 Qh4+ 22. Kg1 Qxg3 23. Be2 Qh4 24. Bf3 f5 25. exf5 Bxf3 26. gxf3 Qg3+ 27. Kh1 Qxf3+ 28. Kh2 Rad8 29. Rad1 Bxf2 30. Rxd8 Qg3+ 31. Kh1 Qh3# 0-1

[Event "LSS No Engine Cup 193 Preliminary 0"]
[Site "LSS email"]
[Date "2019.09.09"]
[Round "?"]
[White "Heiser, Jerome"]
[Black "Koepcke, Klaus Peter"]
[Result "0-1"]
[WhiteElo "781"]
[BlackElo "1639"]
[PlyCount "78"]
[EventDate "2019.09.10"]
[EventType "tourn (corr)"]
[EventRounds "6"]
[EventCountry "GER"]
[SourceTitle "Corr 2022"]
[Source "ChessBase"]
[SourceDate "2021.10.24"]
[SourceVersion "1"]
[SourceVersionDate "2021.10.24"]
[SourceQuality "1"]

1. e4 c5 2. Nc3 Nc6 3. Nf3 d6 4. Bc4 e6 5. 0-0 Nf6 6. d3 Be7 7. Re1 0-0 8. h3 a6 9. a3 b5 10. Nxb5 axb5 11. Bxb5 Bb7 12. Bxc6 Bxc6 13. e5 dxe5 14. Nxe5 Qd5 15. f3 Bd6 16. Qe2 Bxe5 17. Qxe5 Qxe5 18. Rxe5 Nd7 19. Re3 Rfb8 20. b3 Nb6 21. Re5 Nd7 22. Re1 e5 23. Bb2 f6 24. a4 Bxa4 25. Rxa4 Rxa4 26. bxa4 Rxb2 27. c4 Ra2 28. f4 Rxa4 29. fxe5 Nxe5 30. Re3 Ra3 31. Kh2 Rxd3 32. Re4 Rd4 33. Rxd4 cxd4 34. Kg1 Nxc4 35. Kf2 d3 36. Ke1 d2+ 37. Ke2 Kf7 38. g4 f5 39. gxf5 Kf6 0-1

[Event "LSS No Engine Cup 193 Preliminary 0"]
[Site "LSS email"]
[Date "2019.09.09"]
[Round "?"]
[White "Koepcke, Klaus Peter"]
[Black "Ruzicka, Richard"]
[Result "0-1"]
[WhiteElo "1639"]
[BlackElo "1756"]
[PlyCount "64"]
[EventDate "2019.09.10"]
[EventType "tourn (corr)"]
[EventRounds "6"]
[EventCountry "GER"]
[SourceTitle "Corr 2022"]
[Source "ChessBase"]
[SourceDate "2021.10.24"]
[SourceVersion "1"]
[SourceVersionDate "2021.10.24"]
[SourceQuality "1"]

1. d4 Nf6 2. c4 e6 3. Nf3 b6 4. e3 Bb7 5. Bd3 Bb4+ 6. Nbd2 0-0 7. 0-0 d5 8. Qc2 Nbd7 9. a3 Be7 10. b4 c5 11. dxc5 bxc5 12. b5 Nb6 13. a4 dxc4 14. Nxc4 Bxf3 15. gxf3 Qd5 16. e4 Qh5 17. Qe2 Nxc4 18. Bxc4 Bd6 19. f4 Qxe2 20. Bxe2 Nxe4 21. Bf3 f5 22. Re1 e5 23. fxe5 Bxe5 24. Ra3 Bd4 25. Be3 Rad8 26. Bxd4 Rxd4 27. a5 Rb8 28. Bxe4 fxe4 29. Rb1 Rb4 30. Rxb4 cxb4 31. Re3 Rxb5 32. Rxe4 b3 0-1

[Event "LSS No Engine Cup 192 Preliminary 0"]
[Site "LSS email"]
[Date "2019.08.15"]
[Round "?"]
[White "Koepcke, Klaus Peter"]
[Black "Hoehne, Micha"]
[Result "0-1"]
[WhiteElo "1640"]
[BlackElo "1985"]
[PlyCount "48"]
[EventDate "2019.08.16"]
[EventType "tourn (corr)"]
[EventRounds "6"]
[EventCountry "GER"]
[SourceTitle "Corr 2022"]
[Source "ChessBase"]
[SourceDate "2021.10.24"]
[SourceVersion "1"]
[SourceVersionDate "2021.10.24"]
[SourceQuality "1"]

1. d4 d5 2. c4 dxc4 3. e4 e5 4. d5 b5 5. a4 Nf6 6. Qc2 c6 7. axb5 cxb5 8. b3 cxb3 9. Bxb5+ Bd7 10. Bxd7+ Nbxd7 11. Qxb3 Nxe4 12. Nf3 Rb8 13. Qe3 Ndf6 14. Qxa7 Bb4+ 15. Nbd2 0-0 16. 0-0 Nc3 17. Nxe5 Ne2+ 18. Kh1 Qxd5 19. Ndf3 Ra8 20. Qe3 Rxa1 21. Qxe2 Rc8 22. Nd3 Rc3 23. Nfe5 Bd6 24. Bf4 Rc2 0-1

[Event "LSS No Engine Cup 192 Preliminary 0"]
[Site "LSS email"]
[Date "2019.08.15"]
[Round "?"]
[White "Schnoewitz, Brigitte"]
[Black "Koepcke, Klaus Peter"]
[Result "0-1"]
[WhiteElo "1327"]
[BlackElo "1640"]
[PlyCount "104"]
[EventDate "2019.08.16"]
[EventType "tourn (corr)"]
[EventRounds "6"]
[EventCountry "GER"]
[SourceTitle "Corr 2022"]
[Source "ChessBase"]
[SourceDate "2021.10.24"]
[SourceVersion "1"]
[SourceVersionDate "2021.10.24"]
[SourceQuality "1"]

1. d4 d5 2. Nf3 Nf6 3. g3 g6 4. Bg2 Bg7 5. 0-0 0-0 6. Nbd2 b6 7. Re1 Bb7 8. c3 Nbd7 9. Ng5 e6 10. e4 h6 11. Nh3 Nxe4 12. Nxe4 dxe4 13. Bxe4 Bxe4 14. Rxe4 c5 15. dxc5 Nxc5 16. Re1 Nd3 17. Re2 Nxc1 18. Qxc1 Qc7 19. Qc2 Rad8 20. Nf4 Rd7 21. Rae1 Rfd8 22. Nxg6 fxg6 23. Qxg6 Rf7 24. Rxe6 Qc5 25. R6e2 Rdf8 26. Qe6 Kh8 27. Rf1 Rf3 28. Kg2 a5 29. Qe4 Qh5 30. Qc2 Qd5 31. Kg1 Qxa2 32. Rfe1 Qf7 33. Rd1 b5 34. Ra1 b4 35. cxb4 axb4 36. Ra6 Qf5 37. Rb6 b3 38. Qxf5 R8xf5 39. Kg2 Kh7 40. Rb7 Kg6 41. h4 Rd3 42. Rb6+ Rf6 43. Rb5 Rc6 44. Re3 Rxe3 45. fxe3 Rc2+ 46. Kf3 Rxb2 47. e4 Rb1 48. Kg2 b2 49. e5 Kf5 50. g4+ Kxg4 51. e6 Re1 52. Rb7 b1Q 0-1

[Event "LSS No Engine Cup 191 Preliminary 0"]
[Site "LSS email"]
[Date "2019.07.06"]
[Round "?"]
[White "Pehl, Ferenc"]
[Black "Koepcke, Klaus Peter"]
[Result "0-1"]
[WhiteElo "1152"]
[BlackElo "1660"]
[PlyCount "58"]
[EventDate "2019.07.07"]
[EventType "tourn (corr)"]
[EventRounds "6"]
[EventCountry "GER"]
[SourceTitle "Corr 2022"]
[Source "ChessBase"]
[SourceDate "2021.10.24"]
[SourceVersion "1"]
[SourceVersionDate "2021.10.24"]
[SourceQuality "1"]

1. e4 c5 2. Nf3 d6 3. h3 Nf6 4. d3 Nc6 5. Nc3 e5 6. Be2 Be7 7. 0-0 0-0 8. Re1 Nd4 9. a3 Be6 10. Bg5 Qd7 11. Bxf6 Bxf6 12. Kh2 Nxe2 13. Qxe2 b5 14. Nd1 a5 15. Ne3 b4 16. axb4 axb4 17. Rec1 d5 18. Qd1 Qc6 19. exd5 Bxd5 20. Nxd5 Qxd5 21. Rxa8 Rxa8 22. b3 h6 23. Qe2 Ra2 24. Qe4 Qd6 25. Nd2 Bg5 26. Qe2 e4+ 27. Kg1 exd3 28. Qe8+ Qf8 29. Qe1 dxc2 0-1

[Event "LSS No Engine Cup 191 Preliminary 0"]
[Site "LSS email"]
[Date "2019.07.06"]
[Round "?"]
[White "Ruzicka, Richard"]
[Black "Koepcke, Klaus Peter"]
[Result "1-0"]
[WhiteElo "1711"]
[BlackElo "1660"]
[PlyCount "99"]
[EventDate "2019.07.07"]
[EventType "tourn (corr)"]
[EventRounds "6"]
[EventCountry "GER"]
[SourceTitle "Corr 2022"]
[Source "ChessBase"]
[SourceDate "2021.10.24"]
[SourceVersion "1"]
[SourceVersionDate "2021.10.24"]
[SourceQuality "1"]

1. e4 c5 2. d4 cxd4 3. c3 dxc3 4. Nxc3 Nc6 5. Nf3 d6 6. Bc4 a6 7. 0-0 Nf6 8. Qe2 Bg4 9. Rd1 Qc7 10. Be3 Bxf3 11. gxf3 g6 12. Rac1 Bg7 13. Nd5 Nxd5 14. exd5 Qd7 15. dxc6 bxc6 16. Bxa6 0-0 17. b3 Be5 18. Bd3 c5 19. Be4 Rac8 20. f4 Bf6 21. a4 Qh3 22. Bg2 Qh4 23. a5 Rfd8 24. a6 e6 25. a7 d5 26. Bxc5 Qxf4 27. Qf3 Qxf3 28. Bxf3 Bb2 29. Rc2 Ba3 30. Bxa3 Rxc2 31. Bd6 Rcc8 32. Be5 Ra8 33. Ra1 Rd7 34. Bb8 Rb7 35. Bd1 f6 36. Ra4 Kf7 37. b4 Ke7 38. Be2 Raxb8 39. axb8Q Rxb8 40. Ra7+ Kd6 41. b5 h5 42. f4 e5 43. Ra6+ Ke7 44. fxe5 fxe5 45. Rxg6 e4 46. b6 d4 47. Bxh5 d3 48. Kf2 Rd8 49. Ke3 d2 50. Bd1 1-0